000 00802nam a2200241Ia 4500
003 OSt
005 20220923222626.0
006 a|||||r|||| 00| 0
007 ta
008 220922b |||||||| |||| 00| 0 hin d
024 _a206,561
037 _cTextual
040 _aARTS
_cARTS
_bhin
041 _2hin
_ahin
082 _aO152,6:gN5, N7
100 _aदुबे, हरिशंकर
245 0 _aस्वातंतत्योत्तर हिन्दी गध में व्यंग्य
246 _aSvātantatyottar hindī gadh mean vyangya
260 _aकानपुर
_b विकास प्रका0
_c1997
300 _a319पृ.
_ccm.
942 _hO152,6:gN5, N7
_cTEXL
_2CC
999 _c357203
_d357203